| 000 | 00492nam a22001817a 4500 | ||
|---|---|---|---|
| 999 |
_c529181 _d529181 |
||
| 003 | NUST | ||
| 005 | 20190920154446.0 | ||
| 008 | 150409b xxu||||| |||| 00| 0 eng d | ||
| 038 | _aMSOHAIL | ||
| 040 | _cLIBRARY | ||
| 082 | _a0 | ||
| 100 |
_aAbu Al Kashif Qadri _921038 |
||
| 245 | _aعظیم شخصیات I00 ......... 100 Azeem Shakhsiyaat | ||
| 260 |
_aLahore: _bAl Faisal Nashran, _cc2011 |
||
| 300 |
_a480 p. : _c22 cm. |
||
| 650 |
_aTib e Nabvi _xGeneral _921032 |
||
| 942 |
_2ddc _cBK |
||